[Event "Irish New Year Events-IM2 2020"]
[Site "Dublin"]
[Date "2020.01.05"]
[Round "6.15"]
[White "Carroll, Peter"]
[Black "Abdulla, Murad"]
[Result "0-1"]
[WhiteElo "2087"]
[BlackElo "2257"]
[Annotator "ChessBase"]
[PlyCount "182"]
[EventDate "2020.01.02"]
[EventType "tourn"]
[EventCountry "IRL"]
[SourceTitle "playchess.com"]
[Source "ChessBase"]
[SourceQuality "1"]
[TimeControl "40/5400+30:1800+30"]

1. e4 {[%emt 0:02:36]} c5 {[%emt 0:00:00]} 2. Ne2 {[%emt 0:00:04]} Nc6 {[%emt 0:01:31]} 3. d4 {[%emt 0:00:06]} cxd4 {[%emt 0:00:13]} 4. Nxd4 {[%emt 0:00:04]} Qb6 {[%emt 0:02:44]} 5. Nb3 {[%emt 0:01:55]} e6 {[%emt 0:00:52]} 6. Nc3 {[%emt 0:03:32]} a6 {[%emt 0:02:10]} 7. Bd3 {[%emt 0:02:13]} Nf6 {[%emt 0:02:04]} 8. Qe2 {[%emt 0:00:34]} d6 {[%emt 0:01:25]} 9. Be3 {[%emt 0:01:09]} Qc7 {[%emt 0:00:15]} 10. O-O {[%emt 0:02:45]} b5 {[%emt 0:05:26]} 11. f4 {[%emt 0:02:14]} Be7 {[%emt 0:03:11]} 12. Rad1 {[%emt 0:02:17]} Bb7 {[%emt 0:02:41]} 13. a3 {[%emt 1:17:01]} Rc8 {[%emt 0:02:23]} 14. Nd4 {[%emt 0:00:00]} Na5 {[%emt 0:08:33]} 15. Bf2 {[%emt 0:00:00]} Nd7 {[%emt 0:33:36]} 16. e5 {[%emt 0:00:00]} dxe5 {[%emt 0:07:36]} 17. Nxe6 {[%emt 0:00:00]} fxe6 {[%emt 0:00:46]} 18. Qh5+ {[%emt 0:00:00]} Kd8 {[%emt 0:01:04]} 19. Bxb5 {[%emt 0:00:00]} axb5 {[%emt 0:05:16]} 20. Nxb5 {[%emt 0:00:00]} g6 {[%emt 0:01:27]} 21. Nxc7 {[%emt 0:00:00]} gxh5 {[%emt 0:00:26]} 22. Nxe6+ {[%emt 0:00:00]} Ke8 {[%emt 0:00:12]} 23. Ng7+ {[%emt 0:00:00]} Kf7 {[%emt 0:03:31]} 24. Rxd7 {[%emt 0:00:00]} Bc6 {[%emt 0:04:29]} 25. Ra7 {[%emt 0:00:00]} Bb5 {[%emt 0:01:58]} 26. Nf5 {[%emt 0:00:00]} Bxf1 {[%emt 0:03:28]} 27. Nd6+ {[%emt 0:00:00]} Ke6 {[%emt 0:01:23]} 28. Nxc8 {[%emt 0:00:00]} Rxc8 {[%emt 0:00:48]} 29. Rxa5 {[%emt 0:00:00]} Bc4 {[%emt 0:00:54]} 30. Rxe5+ {[%emt 0:00:00]} Kf7 {[%emt 0:01:53]} 31. Bd4 {[%emt 0:00:00]} Rd8 {[%emt 0:01:18]} 32. c3 {[%emt 0:00:00]} Rb8 {[%emt 0:00:01]} 33. b4 {[%emt 0:00:00]} Ra8 {[%emt 0:00:01]} 34. Rxh5 {[%emt 0:00:00]} Kg6 {[%emt 0:02:08]} 35. g4 {[%emt 0:00:00]} h6 {[%emt 0:00:50]} 36. f5+ {[%emt 0:00:28]} Kh7 {[%emt 0:00:01]} 37. Be3 {[%emt 0:00:39]} Bf8 {[%emt 0:00:06]} 38. g5 {[%emt 0:00:56]} Be2 {[%emt 0:00:18]} 39. g6+ {[%emt 0:00:16]} Kg8 {[%emt 0:00:25]} 40. Rh4 {[%emt 0:00:27]} Bd3 {[%emt 0:01:21]} 41. Rf4 {[%emt 0:31:16]} Rxa3 {[%emt 0:30:20]} 42. Bd4 {[%emt 0:00:31]} Ra2 {[%emt 0:00:41]} 43. g7 {[%emt 0:02:58]} Bd6 {[%emt 0:01:01]} 44. Rh4 {[%emt 0:00:35]} Ra1+ {[%emt 0:00:41]} 45. Kf2 {[%emt 0:01:20]} Bxh2 {[%emt 0:01:03]} 46. Rxh6 {[%emt 0:00:58]} Bg1+ {[%emt 0:00:00]} 47. Kf3 {[%emt 0:00:50]} Rf1+ {[%emt 0:00:18]} 48. Kg3 {[%emt 0:02:52]} Bxd4 {[%emt 0:00:12]} 49. cxd4 {[%emt 0:00:06]} Rxf5 {[%emt 0:00:13]} 50. Rh4 {[%emt 0:01:11]} Rb5 {[%emt 0:00:42]} 51. Rg4 {[%emt 0:00:29]} Rxb4 {[%emt 0:00:14]} 52. Kf2 {[%emt 0:00:36]} Rb6 {[%emt 0:00:13]} 53. Ke3 {[%emt 0:00:37]} Bg6 {[%emt 0:00:07]} 54. Rf4 {[%emt 0:00:58]} Kxg7 {[%emt 0:00:04]} 55. Kd2 {[%emt 0:00:13]} Bf7 {[%emt 0:00:12]} 56. Ke3 {[%emt 0:00:22]} Kf8 {[%emt 0:00:09]} 57. Ke4 {[%emt 0:00:16]} Ke7 {[%emt 0:00:13]} 58. Rf2 {[%emt 0:00:22]} Rb5 {[%emt 0:00:44]} 59. Rd2 {[%emt 0:00:34]} Kd6 {[%emt 0:00:16]} 60. Rh2 {[%emt 0:00:30]} Bg6+ {[%emt 0:00:17]} 61. Kf4 {[%emt 0:00:39]} Rf5+ {[%emt 0:01:04]} 62. Ke3 {[%emt 0:00:46]} Bh5 {[%emt 0:01:48]} 63. Ra2 {[%emt 0:01:01]} Be8 {[%emt 0:00:17]} 64. Rf2 {[%emt 0:00:14]} Rh5 {[%emt 0:00:32]} 65. Rf6+ {[%emt 0:00:21]} Kd5 {[%emt 0:00:11]} 66. Rf8 {[%emt 0:00:44]} Bd7 {[%emt 0:00:23]} 67. Rd8 {[%emt 0:00:27]} Rh7 {[%emt 0:00:02]} 68. Kd3 {[%emt 0:00:12]} Re7 {[%emt 0:00:02]} 69. Kc3 {[%emt 0:00:11]} Kc6 {[%emt 0:00:54]} 70. Kc4 {[%emt 0:01:11]} Re3 {[%emt 0:00:16]} 71. d5+ {[%emt 0:02:09]} Kd6 {[%emt 0:00:01]} 72. Rh8 {[%emt 0:00:43]} Re4+ {[%emt 0:00:12]} 73. Kd3 {[%emt 0:00:03]} Rg4 {[%emt 0:00:24]} 74. Rd8 {[%emt 0:00:23]} Kc7 {[%emt 0:01:10]} 75. Rh8 {[%emt 0:00:11]} Bb5+ {[%emt 0:00:14]} 76. Ke3 {[%emt 0:00:23]} Bc4 {[%emt 0:00:05]} 77. d6+ {[%emt 0:00:30]} Kxd6 {[%emt 0:00:14]} 78. Rd8+ {[%emt 0:00:30]} Ke5 {[%emt 0:00:48]} 79. Re8+ {[%emt 0:00:09]} Be6 {[%emt 0:00:48]} 80. Kf3 {[%emt 0:00:05]} Rh4 {[%emt 0:00:45]} 81. Ke3 {[%emt 0:00:12]} Rh3+ {[%emt 0:00:09]} 82. Ke2 {[%emt 0:00:35]} Kd5 {[%emt 0:01:18]} 83. Rd8+ {[%emt 0:00:50]} Kc4 {[%emt 0:00:11]} 84. Re8 {[%emt 0:01:01]} Bd5 {[%emt 0:00:20]} 85. Rc8+ {[%emt 0:00:27]} Kd4 {[%emt 0:00:05]} 86. Rd8 {[%emt 0:01:17]} Rh2+ {[%emt 0:00:26]} 87. Kf1 {[%emt 0:00:14]} Ke4 {[%emt 0:00:43]} 88. Rd7 {[%emt 0:00:43]} Kf3 {[%emt 0:01:36]} 89. Kg1 {[%emt 0:00:57]} Rd2 {[%emt 0:01:47]} 90. Rd8 {[%emt 0:00:02]} Kg3 {[%emt 0:00:55]} 91. Kf1 {[%emt 0:00:26]} Bc4+ {[%emt 0:00:05]} 0-1

[Event "Irish New Year Events-IM2 2020"]
[Site "Dublin"]
[Date "2020.01.05"]
[Round "7.11"]
[White "Abdulla, Murad"]
[Black "Baburin, Alexander"]
[Result "1/2-1/2"]
[WhiteElo "2257"]
[BlackElo "2419"]
[Annotator "ChessBase"]
[PlyCount "39"]
[EventDate "2020.01.02"]
[EventType "tourn"]
[EventCountry "IRL"]
[SourceTitle "playchess.com"]
[Source "ChessBase"]
[SourceQuality "1"]
[TimeControl "5400+30"]

1. e4 {[%emt 0:00:00]} Nf6 {[%emt 0:00:00]} 2. e5 {[%emt 0:00:00]} Nd5 {[%emt 0:00:15]} 3. d4 {[%emt 0:00:14]} d6 {[%emt 0:00:06]} 4. c4 {[%emt 0:00:08]} Nb6 {[%emt 0:00:05]} 5. f4 {[%emt 0:01:24]} Bf5 {[%emt 0:07:11]} 6. Nc3 {[%emt 0:01:19]} e6 {[%emt 0:00:10]} 7. Be3 {[%emt 0:00:31]} Be7 {[%emt 0:04:03]} 8. Nf3 {[%emt 0:01:15]} O-O {[%emt 0:00:49]} 9. Be2 {[%emt 0:00:20]} dxe5 {[%emt 0:00:54]} 10. fxe5 {[%emt 0:00:19]} Nc6 {[%emt 0:02:31]} 11. O-O {[%emt 0:00:36]} f6 {[%emt 0:00:05]} 12. exf6 {[%emt 0:00:22]} Bxf6 {[%emt 0:03:52]} 13. Qd2 {[%emt 0:00:09]} Qe7 {[%emt 0:07:19]} 14. Rad1 {[%emt 0:00:11]} Rad8 {[%emt 0:00:15]} 15. Bf2 {[%emt 0:01:26]} Kh8 {[%emt 0:12:22]} 16. Qe3 {[%emt 0:10:34]} Bg4 {[%emt 0:06:28]} 17. Qe4 {[%emt 0:13:30]} Bf5 {[%emt 0:06:04]} 18. Qe3 {[%emt 0:02:43]} Bg4 {[%emt 0:00:11]} 19. Qe4 {[%emt 0:16:36]} Bf5 {[%emt 0:02:18]} 20. Qe3 {[%emt 0:00:22]} 1/2-1/2

[Event "Irish New Year Events-IM2 2020"]
[Site "Dublin"]
[Date "2020.01.05"]
[Round "7.12"]
[White "Kanyamarala, Trisha"]
[Black "Carroll, Peter"]
[Result "1-0"]
[WhiteElo "2195"]
[BlackElo "2087"]
[Annotator "ChessBase"]
[PlyCount "49"]
[EventDate "2020.01.02"]
[EventType "tourn"]
[EventCountry "IRL"]
[SourceTitle "playchess.com"]
[Source "ChessBase"]
[SourceQuality "1"]
[TimeControl "5400+30"]

1. d4 {[%emt 0:00:00]} Nf6 {[%emt 0:05:06]} 2. Nf3 {[%emt 0:00:00]} g6 {[%emt 0:01:16]} 3. e3 {[%emt 0:00:04]} Bg7 {[%emt 0:00:08]} 4. Be2 {[%emt 0:00:07]} O-O {[%emt 0:00:10]} 5. O-O {[%emt 0:00:05]} b6 {[%emt 0:00:54]} 6. b3 {[%emt 0:00:19]} Bb7 {[%emt 0:00:05]} 7. Bb2 {[%emt 0:00:12]} d6 {[%emt 0:00:05]} 8. c4 {[%emt 0:00:28]} Nbd7 {[%emt 0:00:05]} 9. Nc3 {[%emt 0:00:36]} e5 {[%emt 0:01:09]} 10. d5 {[%emt 0:00:45]} Nc5 {[%emt 0:02:36]} 11. Qc2 {[%emt 0:01:42]} a5 {[%emt 0:02:59]} 12. a3 {[%emt 0:03:15]} Bc8 {[%emt 0:00:11]} 13. Nd2 {[%emt 0:01:57]} Nfd7 {[%emt 0:02:22]} 14. b4 {[%emt 0:04:27]} Nb7 {[%emt 0:00:07]} 15. Nb5 {[%emt 0:07:39]} f5 {[%emt 0:00:32]} 16. f4 {[%emt 0:01:05]} Rf7 {[%emt 0:01:10]} 17. e4 {[%emt 0:04:25]} Nf8 {[%emt 0:01:21]} 18. Bd3 {[%emt 0:10:06]} fxe4 {[%emt 0:01:55]} 19. Nxe4 {[%emt 0:00:56]} exf4 {[%emt 0:00:23]} 20. Bxg7 {[%emt 0:00:48]} Kxg7 {[%emt 0:00:17]} 21. Qb2+ {[%emt 0:00:54]} Kg8 {[%emt 0:00:39]} 22. Nd4 {[%emt 0:00:58]} Bd7 {[%emt 0:02:05]} 23. Nc6 {[%emt 0:01:38]} Qh4 {[%emt 0:01:02]} 24. g3 {[%emt 0:01:53]} Qh3 {[%emt 0:00:36]} 25. Ng5 {[%emt 0:00:53]} 1-0

[Event "Irish New Year Events-IM2 2020"]
[Site "Dublin"]
[Date "2020.01.05"]
[Round "7.13"]
[White "Melaugh, Gavin"]
[Black "Daly, Colm"]
[Result "0-1"]
[WhiteElo "2076"]
[BlackElo "2238"]
[Annotator "TA"]
[PlyCount "114"]
[EventDate "2020.01.02"]
[EventType "tourn"]
[EventCountry "IRL"]
[SourceTitle "playchess.com"]
[Source "ChessBase"]
[SourceQuality "1"]

{[%evp 9,114,48,58,49,49,19,20,21,25,10,21,0,48,50,62,18,27,14,8,14,39,51,40,29,35,8,12,0,20,-8,-9,-7,8,12,20,14,32,29,67,6,8,28,24,22,31,12,24,0,46,14,47,44,101,94,108,110,109,58,60,0,0,0,44,-93,-135,-141,-106,-114,0,-57,-78,-37,0,-91,-59,-67,-45,-145,-91,-497,-484,-450,0,-219,-146,-146,-17,-639,-615,-589,-574,-1416,-1333,-5675,-6962,-6145,-6145,-2963,-2431,-12839,-2150,-12840,-12839,-12839,-12838,-12843,-12843]} 1. e4 c5 2. d4 cxd4 3. c3 d3 4. c4 Nc6 ({Predecessor:} 4... d6 5. Bxd3 g6 6. h3 Bg7 7. Nf3 Nf6 8. O-O O-O 9. Nc3 Nc6 10. Be3 {1-0 (42) Pokojowczyk,J-Bednarski,J Poznan 1971}) 5. Bxd3 d6 6. h3 {B21: Sicilian: 2 f4 and Morra Gambit} g6 7. Nf3 Bg7 8. O-O {The position is equal.} Nf6 9. Nc3 Nd7 10. Be3 $146 (10. Nd5 O-O 11. Rb1 e6 12. Ne3 a5 13. Bc2 Nc5 14. a3 f5 15. exf5 gxf5 {1-0 (42) Berg,E (2539)-Blomqvist,E (2503) Gothenburg 2013}) 10... O-O (10... Bxc3 $5 11. bxc3 Nc5 $11) 11. Rc1 Nde5 12. Nxe5 dxe5 13. a3 Nd4 14. b4 f5 15. f3 Kh8 16. Bb1 Be6 17. Nd5 Bxd5 18. exd5 e6 19. Bxd4 exd4 20. dxe6 Qd6 21. Qe2 Bh6 {...Be3+ is the strong threat.} 22. Rcd1 Rfe8 23. Rfe1 Qf4 24. Qe5+ (24. Qf2 $14 Qe3 25. Rxd4 (25. Rxe3 Bxe3 26. Rxd4 Bxf2+ 27. Kxf2 Rxe6 $15) 25... Rxe6 26. Kf1 (26. Rxe3 Bxe3 27. g4 Bxf2+ 28. Kxf2 fxg4 $15) 26... Qxe1+ 27. Qxe1 Rxe1+ 28. Kxe1) 24... Qxe5 $11 25. Rxe5 Be3+ 26. Kf1 Kg7 27. Rd5 $36 {[%mdl 2048] White has some pressure.} Kf6 28. Rd7 Rxe6 29. Rxb7 {Black should prevent c5.} Rae8 30. g3 h5 (30... Ra6 $14) 31. c5 h4 32. Ba2 Ra6 33. Rf7+ (33. gxh4 $6 Rxa3 34. Bc4 a5 $11) (33. Rd3 $1 $16 {Hoping for Bc4.} Re7 34. Rxe7 Kxe7 35. gxh4) 33... Ke5 $14 34. Rd3 (34. f4+ $14 Ke4 35. Ra1 (35. gxh4 Rxa3 36. Bb1+ Kxf4 $11)) 34... hxg3 $11 {aiming for ...Kf4.} 35. Bc4 Rf6 $1 36. b5 (36. Rxa7 $14 {stays ahead.} Kf4 37. Kg2) 36... Rxf7 $17 37. Bxf7 {[%mdl 4096] Endgame KRB-KRB} Rc8 38. c6 a6 (38... Rf8 $17 39. Bc4 Kd6) 39. a4 (39. b6 $1 $11 Rxc6 40. b7 Rc1+ 41. Ke2 Rc2+ 42. Ke1 Rc1+ 43. Rd1 Bf2+ 44. Kd2 Be3+ 45. Ke1 Bf2+ 46. Kd2 Be3+ 47. Ke1) 39... axb5 $15 40. axb5 Ra8 41. Rd1 (41. Kg2 $11 Kd6 42. Kxg3 (42. Bxg6 $2 f4 $19)) 41... Kd6 42. Kg2 f4 {Strongly threatening ...g5.} (42... Ra7 $5 {[%cal Ra7f7]} 43. Bg8 (43. Bxg6 $2 f4 $19) 43... Kc5 $15) 43. Rb1 ({White has to play} 43. b6 $1 $15 Kxc6 44. b7) 43... g5 (43... d3 $142 {And now ...Ra3 would win.} 44. b6 Kxc6) 44. Bc4 $2 {[%mdl 8192] [#]} (44. b6 $17 {nothing else works.} Kxc6 45. b7) 44... d3 $1 $19 {[%mdl 512]} 45. b6 {[#]} (45. Bxd3 Ra2+) 45... Ra4 $2 (45... Bxb6 $1 $19 {[%mdl 512]} 46. Rxb6 Kc5 {[%mdl 64] Double Attack}) 46. b7 $2 (46. Bb3 $11 {and White is okay.} Ra8 47. b7) 46... Ba7 47. Bf7 {[#]} d2 ({Black should try} 47... Bb8 $1 $17 48. Rd1 Ra3) 48. Rd1 $2 {[%mdl 8192]} (48. b8=R $11 Bxb8 49. Rxb8) 48... Rd4 {Black is clearly winning.} 49. Be8 Kc7 50. Kf1 Rd3 51. Kg2 Re3 {( -> ...Re2+)} 52. Rxd2 Rxe8 {KRB-KR} 53. Ra2 Bb8 54. Ra5 Kxc6 (54... Re2+ $142 55. Kg1 Kxc6 56. Rxg5 Kxb7) 55. Rxg5 Kxb7 56. h4 Re2+ 57. Kh3 Ba7 {Accuracy: White = 27%, Black = 46%.} 0-1

[Event "Irish New Year Events-IM2 2020"]
[Site "Dublin"]
[Date "2020.01.05"]
[Round "7.14"]
[White "Haque, Muhtarim-Ul"]
[Black "Han, Yichen"]
[Result "0-1"]
[WhiteElo "2045"]
[BlackElo "2257"]
[Annotator "ChessBase"]
[PlyCount "106"]
[EventDate "2020.01.02"]
[EventType "tourn"]
[EventCountry "IRL"]
[SourceTitle "playchess.com"]
[Source "ChessBase"]
[SourceQuality "1"]
[TimeControl "5400+30"]

1. d4 {[%emt 0:00:00]} d5 {[%emt 0:01:47]} 2. c4 {[%emt 0:00:00]} c6 {[%emt 0:00:08]} 3. Nf3 {[%emt 0:00:00]} Nf6 {[%emt 0:00:10]} 4. g3 {[%emt 0:00:00]} Bf5 {[%emt 0:01:17]} 5. Bg2 {[%emt 0:00:13]} e6 {[%emt 0:00:12]} 6. O-O {[%emt 0:00:11]} h6 {[%emt 0:00:11]} 7. Nc3 {[%emt 0:00:34]} Nbd7 {[%emt 0:01:43]} 8. Nd2 {[%emt 0:01:00]} Be7 {[%emt 0:05:25]} 9. Re1 {[%emt 0:00:30]} O-O {[%emt 0:01:03]} 10. e4 {[%emt 0:00:29]} dxe4 {[%emt 0:00:25]} 11. Ndxe4 {[%emt 0:00:15]} Nxe4 {[%emt 0:02:15]} 12. Nxe4 {[%emt 0:00:08]} Nf6 {[%emt 0:03:27]} 13. Nc3 {[%emt 0:01:52]} Qb6 {[%emt 0:14:51]} 14. h3 {[%emt 0:01:41]} Rad8 {[%emt 0:03:50]} 15. d5 {[%emt 0:00:28]} cxd5 {[%emt 0:01:26]} 16. cxd5 {[%emt 0:00:16]} Bc5 {[%emt 0:00:50]} 17. Qf3 {[%emt 0:01:33]} Nxd5 {[%emt 0:02:51]} 18. Na4 {[%emt 0:00:41]} Qb4 {[%emt 0:01:21]} 19. Nc3 {[%emt 0:00:12]} Nxc3 {[%emt 0:00:46]} 20. bxc3 {[%emt 0:00:09]} Qb6 {[%emt 0:00:15]} 21. Bf4 {[%emt 0:02:07]} Rd3 {[%emt 0:01:06]} 22. Qe2 {[%emt 0:00:48]} Rxc3 {[%emt 0:01:15]} 23. Rac1 {[%emt 0:00:43]} Rxc1 {[%emt 0:01:36]} 24. Bxc1 {[%emt 0:01:02]} Rd8 {[%emt 0:01:48]} 25. Be3 {[%emt 0:01:46]} Bxe3 {[%emt 0:00:23]} 26. Qxe3 {[%emt 0:00:02]} Qxe3 {[%emt 0:00:26]} 27. Rxe3 {[%emt 0:00:02]} b6 {[%emt 0:01:19]} 28. Kf1 {[%emt 0:01:21]} Rd1+ {[%emt 0:01:29]} 29. Ke2 {[%emt 0:00:46]} Ra1 {[%emt 0:00:51]} 30. a3 {[%emt 0:01:24]} Ra2+ {[%emt 0:00:39]} 31. Kf3 {[%emt 0:00:17]} a5 {[%emt 0:00:35]} 32. Bf1 {[%emt 0:00:49]} Rb2 {[%emt 0:00:32]} 33. g4 {[%emt 0:00:35]} Bc2 {[%emt 0:00:23]} 34. Rc3 {[%emt 0:02:30]} Rb3 {[%emt 0:05:06]} 35. Rxb3 {[%emt 0:00:16]} Bxb3 {[%emt 0:00:01]} 36. Ke4 {[%emt 0:00:19]} Kf8 {[%emt 0:00:14]} 37. Bb5 {[%emt 0:00:31]} Ke7 {[%emt 0:00:20]} 38. f4 {[%emt 0:00:20]} Kd6 {[%emt 0:00:13]} 39. h4 {[%emt 0:00:36]} f6 {[%emt 0:00:37]} 40. g5 {[%emt 0:01:20]} fxg5 {[%emt 0:00:51]} 41. fxg5 {[%emt 0:00:07]} hxg5 {[%emt 0:00:07]} 42. hxg5 {[%emt 0:00:03]} Bd5+ {[%emt 0:00:24]} 43. Kf4 {[%emt 0:00:13]} Bb3 {[%emt 0:01:00]} 44. Bd3 {[%emt 0:00:19]} Ba4 {[%emt 0:01:11]} 45. Kg4 {[%emt 0:00:18]} Be8 {[%emt 0:00:18]} 46. Kf4 {[%emt 0:00:36]} b5 {[%emt 0:00:30]} 47. Bc2 {[%emt 0:00:27]} b4 {[%emt 0:00:33]} 48. axb4 {[%emt 0:01:05]} axb4 {[%emt 0:00:10]} 49. Kg4 {[%emt 0:00:34]} e5 {[%emt 0:00:58]} 50. Kf5 {[%emt 0:00:16]} Bf7 {[%emt 0:00:17]} 51. Bd3 {[%emt 0:01:46]} b3 {[%emt 0:00:22]} 52. Be4 {[%emt 0:00:38]} b2 {[%emt 0:00:13]} 53. Bb1 {[%emt 0:00:04]} Bd5 {[%emt 0:01:22]} 0-1

[Event "Irish New Year Events-IM2 2020"]
[Site "Dublin"]
[Date "2020.01.05"]
[Round "7.15"]
[White "Froewis, Georg"]
[Black "Alienkin, Aleksander"]
[Result "1-0"]
[WhiteElo "2470"]
[BlackElo "2382"]
[Annotator "ChessBase"]
[PlyCount "85"]
[EventDate "2020.01.02"]
[EventType "tourn"]
[EventCountry "IRL"]
[SourceTitle "playchess.com"]
[Source "ChessBase"]
[SourceQuality "1"]
[TimeControl "5400+30"]

1. Nf3 {[%emt 0:00:00]} Nf6 {[%emt 0:01:14]} 2. c4 {[%emt 0:00:00]} e6 {[%emt 0:00:42]} 3. b3 {[%emt 0:00:00]} b6 {[%emt 0:01:05]} 4. g3 {[%emt 0:00:00]} Bb7 {[%emt 0:00:25]} 5. Bg2 {[%emt 0:00:00]} Be7 {[%emt 0:02:09]} 6. Bb2 {[%emt 0:00:00]} O-O {[%emt 0:01:00]} 7. O-O {[%emt 0:00:00]} c5 {[%emt 0:02:12]} 8. e3 {[%emt 0:01:08]} d5 {[%emt 0:01:01]} 9. d3 {[%emt 0:00:06]} Nbd7 {[%emt 0:01:21]} 10. Qe2 {[%emt 0:00:54]} Qc7 {[%emt 0:04:41]} 11. Nc3 {[%emt 0:00:37]} a6 {[%emt 0:00:55]} 12. Rac1 {[%emt 0:00:56]} Rac8 {[%emt 0:03:08]} 13. Ne1 {[%emt 0:12:33]} dxc4 {[%emt 0:13:16]} 14. bxc4 {[%emt 0:00:04]} Bc6 {[%emt 0:02:08]} 15. f4 {[%emt 0:02:38]} b5 {[%emt 0:10:15]} 16. e4 {[%emt 0:01:03]} b4 {[%emt 0:05:12]} 17. Nd1 {[%emt 0:00:33]} Rfd8 {[%emt 0:06:20]} 18. g4 {[%emt 0:01:23]} Ne8 {[%emt 0:00:37]} 19. Ne3 {[%emt 0:03:24]} e5 {[%emt 0:03:39]} 20. Nd5 {[%emt 0:09:33]} Bxd5 {[%emt 0:10:55]} 21. cxd5 {[%emt 0:00:02]} f6 {[%emt 0:03:06]} 22. fxe5 {[%emt 0:02:30]} fxe5 {[%emt 0:01:11]} 23. Nf3 {[%emt 0:00:06]} Bd6 {[%emt 0:05:58]} 24. g5 {[%emt 0:05:11]} Nf8 {[%emt 0:00:51]} 25. Nh4 {[%emt 0:00:04]} Qe7 {[%emt 0:01:37]} 26. Qg4 {[%emt 0:01:15]} g6 {[%emt 0:00:24]} 27. Bh3 {[%emt 0:02:24]} Rc7 {[%emt 0:00:33]} 28. Ng2 {[%emt 0:01:53]} c4 {[%emt 0:03:53]} 29. dxc4 {[%emt 0:00:25]} a5 {[%emt 0:00:37]} 30. Kh1 {[%emt 0:01:30]} a4 {[%emt 0:02:02]} 31. Ne1 {[%emt 0:00:30]} b3 32. axb3 Rb8 {[%emt 0:01:00]} 33. Rf3 {[%emt 0:19:50]} Rcb7 {[%emt 0:00:54]} 34. c5 {[%emt 0:09:38]} Bxc5 {[%emt 0:00:52]} 35. Nd3 {[%emt 0:05:15]} Bd6 {[%emt 0:05:34]} 36. Rcf1 {[%emt 0:00:56]} Ng7 {[%emt 0:00:49]} 37. bxa4 {[%emt 0:01:13]} Rb3 {[%emt 0:00:51]} 38. Ba1 {[%emt 0:01:05]} Ra3 {[%emt 0:00:45]} 39. Qg3 {[%emt 0:01:43]} Nh5 {[%emt 0:00:25]} 40. Qf2 {[%emt 0:00:41]} Rxa4 {[%emt 0:00:57]} 41. Bxe5 {[%emt 0:01:39]} Rxe4 {[%emt 0:01:30]} 42. Rxf8+ {[%emt 0:00:09]} Rxf8 {[%emt 0:00:24]} 43. Qxf8+ {[%emt 0:00:05]} 1-0

[Event "Irish New Year Events-IM2 2020"]
[Site "Dublin"]
[Date "2020.01.06"]
[Round "8.12"]
[White "Han, Yichen"]
[Black "Froewis, Georg"]
[Result "1-0"]
[WhiteElo "2257"]
[BlackElo "2470"]
[Annotator "RC"]
[PlyCount "59"]
[EventDate "2020.01.02"]
[EventType "tourn"]
[EventCountry "IRL"]
[SourceTitle "playchess.com"]
[Source "ChessBase"]
[SourceQuality "1"]
[TimeControl "40/5400+30:1800+30"]

1. d4 {[%emt 0:00:00]} e6 {[%emt 0:00:00]} 2. Nf3 {[%emt 0:00:00]} Nf6 {[%emt 0:00:00]} 3. Bf4 {[%emt 0:00:04]} Be7 {[%emt 0:02:48]} 4. e3 {[%emt 0:06:48]} Nh5 {[%emt 0:01:26]} 5. Bg3 {[%emt 0:02:04]} Nxg3 {[%emt 0:00:45]} 6. hxg3 {[%emt 0:00:09]} d6 {[%emt 0:01:04]} 7. Bd3 {[%emt 0:00:42]} h6 {[%emt 0:00:05]} 8. c4 {[%emt 0:00:48]} Nd7 {[%emt 0:02:41]} 9. Nc3 {[%emt 0:01:34]} c6 {[%emt 0:00:26]} 10. Qc2 {[%emt 0:03:26]} d5 {[%emt 0:00:14]} 11. O-O {[%emt 0:06:07]} dxc4 {[%emt 0:02:11]} 12. Bxc4 {[%emt 0:00:11]} b5 {[%emt 0:00:02]} 13. Bd3 {[%emt 0:02:33]} Bb7 {[%emt 0:00:02]} 14. Rfd1 {[%emt 0:06:46]} Qb6 {[%emt 0:01:17]} 15. a4 {[%emt 0:12:28]} a6 {[%emt 0:00:07]} 16. axb5 {[%emt 0:02:55]} cxb5 {[%emt 0:00:06]} 17. Be4 {[%emt 0:00:44]} O-O {[%emt 0:00:38]} 18. d5 {[%emt 0:09:03]} f5 {[%emt 0:09:03]} 19. d6 {[%emt 0:04:08]} Bxe4 {[%emt 0:10:28]} 20. Nxe4 {[%emt 0:00:14]} Bd8 {[%emt 0:00:09]} 21. Nc3 {[%emt 0:39:46]} Rc8 {[%emt 0:02:37]} 22. Qb3 {[%emt 0:00:00]} Rf6 {[%emt 0:00:09]} 23. Rac1 {[%emt 0:00:00]} Rc4 {[%emt 0:05:51]} 24. Ne2 {[%emt 0:00:00]} Nc5 {[%emt 0:05:42]} 25. Qa2 {[%emt 0:00:00]} Ra4 {[%emt 0:10:09]} 26. Qb1 {[%emt 0:00:00]} Nd7 {[%emt 0:11:27]} 27. b3 {[%emt 0:00:00]} Rb4 {[%emt 0:00:34]} 28. Qc2 {[%emt 0:00:00]} e5 {[%emt 0:06:31]} 29. Qc8 {[%emt 0:00:00]} Rf7 {[%emt 0:00:06]} 30. Rc6 {[%emt 0:00:00]} 1-0